[Event "World Chess Olympiad 2018"]
[Site "Batumi"]
[Date "2018.10.01"]
[Round "7"]
[Board "3"]
[WhiteFideId "14300133"]
[White "Klaasen Calvin John"]
[BlackFideId "6300014"]
[Black "Dastan Muhammed Batuhan"]
[Result "1-0"]
[LiveChessVersion "1.4.8"]
[BlackElo "2569"]
[WhiteElo "2262"]

1. d4 {[%clk 1:30:54]} f5 {[%clk 1:30:49]} 2. c4 {[%clk 1:31:04]} Nf6
{[%clk 1:31:13]} 3. Nc3 {[%clk 1:31:14]} d6 {[%clk 1:31:28]} 4. Nf3
{[%clk 1:30:50]} g6 {[%clk 1:31:50]} 5. Bf4 {[%clk 1:29:57]} Bg7 {[%clk 1:30:18]}
6. e3 {[%clk 1:30:22]} h6 {[%clk 1:24:55]} 7. c5 {[%clk 1:24:38]} g5
{[%clk 1:12:46]} 8. Bg3 {[%clk 1:24:04]} c6 {[%clk 1:07:29]} 9. Bc4
{[%clk 1:18:05]} b5 {[%clk 0:56:47]} 10. Bb3 {[%clk 1:03:14]} a5 {[%clk 0:32:14]}
11. a3 {[%clk 0:54:14]} Na6 {[%clk 0:32:40]} 12. O-O {[%clk 0:37:34]} dxc5
{[%clk 0:27:30]} 13. Ne5 {[%clk 0:37:24]} c4 {[%clk 0:26:11]} 14. Bc2
{[%clk 0:34:55]} Nb8 {[%clk 0:22:12]} 15. Ng6 {[%clk 0:23:09]} Rg8
{[%clk 0:21:23]} 16. Ne5 {[%clk 0:23:36]} h5 {[%clk 0:17:58]} 17. h4
{[%clk 0:23:21]} gxh4 {[%clk 0:18:06]} 18. Bxh4 {[%clk 0:23:30]} Ng4
{[%clk 0:18:35]} 19. Qf3 {[%clk 0:16:02]} Bxe5 {[%clk 0:19:03]} 20. dxe5
{[%clk 0:16:12]} Qc7 {[%clk 0:19:00]} 21. Bg3 {[%clk 0:14:03]} h4
{[%clk 0:14:58]} 22. Bf4 {[%clk 0:14:21]} e6 {[%clk 0:14:27]} 23. e4
{[%clk 0:06:41]} Qg7 {[%clk 0:14:22]} 24. exf5 {[%clk 0:06:19]} exf5
{[%clk 0:12:11]} 25. Nxb5 {[%clk 0:05:53]} h3 {[%clk 0:12:40]} 26. Nd6+
{[%clk 0:05:46]} Ke7 {[%clk 0:12:14]} 27. Nxc8+ Rxc8 {[%clk 0:12:43]} 28. Bxf5
{[%clk 0:04:14]} hxg2 {[%clk 0:12:35]} 29. Bxc8 {[%clk 0:03:39]} gxf1=Q+
{[%clk 0:11:14]} 30. Kxf1 {[%clk 0:04:08]} Nd7 {[%clk 0:11:44]} 31. Bxd7
{[%clk 0:03:51]} Kxd7 {[%clk 0:12:13]} 32. Rd1+ {[%clk 0:04:01]} Kc7
{[%clk 0:12:31]} 33. e6+ {[%clk 0:04:09]} Kb6 {[%clk 0:13:01]} 34. e7
{[%clk 0:02:47]} c3 {[%clk 0:01:03]} 35. Rd6 {[%clk 0:02:43]} Rc8
{[%clk 0:01:27]} 36. e8=Q {[%clk 0:02:41]} 1-0

[Event "World Chess Olympiad 2018"]
[Site "Batumi"]
[Date "2018.10.01"]
[Round "7"]
[Board "4"]
[WhiteFideId "6300545"]
[White "Sanal Vahap"]
[BlackFideId "14300702"]
[Black "Mabusela Johannes Manyedi"]
[Result "1-0"]
[LiveChessVersion "1.4.8"]
[BlackElo "2245"]
[WhiteElo "2502"]

1. e4 {[%clk 1:30:56]} e6 {[%clk 1:30:51]} 2. d4 {[%clk 1:31:19]} d5
{[%clk 1:31:15]} 3. Nd2 {[%clk 1:31:44]} Nf6 {[%clk 1:30:49]} 4. e5
{[%clk 1:31:45]} Nfd7 {[%clk 1:31:12]} 5. Bd3 {[%clk 1:31:08]} c5
{[%clk 1:30:55]} 6. c3 {[%clk 1:31:26]} Nc6 {[%clk 1:31:21]} 7. Ne2
{[%clk 1:31:36]} cxd4 {[%clk 1:30:04]} 8. cxd4 {[%clk 1:31:57]} f6
{[%clk 1:30:28]} 9. exf6 {[%clk 1:29:51]} Nxf6 {[%clk 1:30:34]} 10. Nf3
{[%clk 1:29:22]} Bd6 {[%clk 1:27:44]} 11. O-O {[%clk 1:29:20]} Qc7
{[%clk 1:28:03]} 12. g3 {[%clk 1:28:52]} O-O {[%clk 1:26:43]} 13. Bf4
{[%clk 1:28:36]} Ng4 {[%clk 1:25:20]} 14. Bxd6 {[%clk 1:26:19]} Qxd6
{[%clk 1:21:04]} 15. Nf4 {[%clk 1:26:42]} Rxf4 {[%clk 1:13:51]} 16. gxf4
{[%clk 1:27:05]} Qxf4 {[%clk 1:14:14]} 17. h3 {[%clk 1:26:54]} Nh6
{[%clk 1:06:35]} 18. Re1 {[%clk 0:40:27]} e5 {[%clk 0:58:08]} 19. Nxe5
{[%clk 0:38:17]} Nxd4 {[%clk 0:39:59]} 20. Be4 {[%clk 0:33:46]} dxe4
{[%clk 0:38:01]} 21. Qxd4 {[%clk 0:34:08]} Bf5 {[%clk 0:35:32]} 22. Rad1
{[%clk 0:33:13]} Qg5+ {[%clk 0:32:33]} 23. Kh1 {[%clk 0:33:09]} Qh5 24. Qd8+
{[%clk 0:32:44]} Qe8 {[%clk 0:31:03]} 25. Qxe8+ {[%clk 0:33:02]} Rxe8
{[%clk 0:31:17]} 26. Nc4 {[%clk 0:33:24]} Bxh3 {[%clk 0:30:30]} 27. Nd6
{[%clk 0:29:33]} Rf8 {[%clk 0:30:15]} 28. Nxe4 {[%clk 0:29:42]} Bg4
{[%clk 0:30:37]} 29. Rd4 {[%clk 0:29:38]} Bf3+ {[%clk 0:29:45]} 30. Kg1
{[%clk 0:30:01]} Nf5 {[%clk 0:28:31]} 31. Rd3 {[%clk 0:26:49]} Nh4
{[%clk 0:27:21]} 32. Ree3 {[%clk 0:20:44]} h6 {[%clk 0:25:43]} 33. Nc5
{[%clk 0:06:19]} Bc6 {[%clk 0:23:58]} 34. Ne6 {[%clk 0:05:55]} Nf3+
{[%clk 0:14:46]} 35. Kf1 {[%clk 0:06:21]} Rf5 {[%clk 0:13:51]} 36. Rd8+
{[%clk 0:05:34]} Kh7 {[%clk 0:12:54]} 37. Nf8+ {[%clk 0:05:28]} Kg8
{[%clk 0:13:01]} 38. Ne6+ {[%clk 0:04:49]} Kh7 {[%clk 0:13:19]} 39. Nf8+
{[%clk 0:05:17]} Kg8 {[%clk 0:13:40]} 40. Ng6+ {[%clk 0:33:49]} Kf7
{[%clk 0:36:01]} 41. Nh8+ {[%clk 0:21:12]} Kf6 {[%clk 0:36:00]} 42. Rd6+
{[%clk 0:21:03]} Kg5 {[%clk 0:32:55]} 43. Rg6+ {[%clk 0:21:29]} Kh5
{[%clk 0:32:12]} 44. Rxg7 {[%clk 0:21:27]} Rc5 {[%clk 0:23:34]} 45. Nf7
{[%clk 0:19:13]} Rc2 {[%clk 0:16:42]} 46. Rg3 {[%clk 0:12:02]} Nd2+
{[%clk 0:13:18]} 47. Ke1 {[%clk 0:12:25]} Rxb2 {[%clk 0:10:15]} 48. Rh3+
{[%clk 0:11:51]} Kg6 {[%clk 0:08:50]} 49. Ne5+ {[%clk 0:12:16]} Kg5
{[%clk 0:08:32]} 50. Re2 {[%clk 0:11:29]} 1-0

[Event "World Chess Olympiad 2018"]
[Site "Batumi"]
[Date "2018.10.01"]
[Round "7"]
[Board "3"]
[WhiteFideId "12401820"]
[White "Tran Tuan Minh"]
[BlackFideId "2604922"]
[Black "Noritsyn Nikolay"]
[Result "1-0"]
[LiveChessVersion "1.4.8"]
[BlackElo "2482"]
[WhiteElo "2491"]

1. d4 {[%clk 1:30:46]} e6 {[%clk 1:30:38]} 2. Nf3 {[%clk 1:31:00]} f5
{[%clk 1:30:56]} 3. g3 {[%clk 1:31:15]} Nf6 {[%clk 1:31:18]} 4. Bg2
{[%clk 1:31:38]} d5 {[%clk 1:31:41]} 5. O-O {[%clk 1:31:58]} Bd6 {[%clk 1:32:02]}
6. c4 {[%clk 1:32:19]} O-O {[%clk 1:32:21]} 7. Nc3 {[%clk 1:32:37]} c6
{[%clk 1:32:43]} 8. Qc2 {[%clk 1:32:55]} Qe8 {[%clk 1:32:56]} 9. Rb1
{[%clk 1:33:14]} Nbd7 {[%clk 1:33:08]} 10. b4 {[%clk 1:32:24]} dxc4
{[%clk 1:33:28]} 11. b5 {[%clk 1:28:47]} Nd5 {[%clk 1:30:56]} 12. bxc6
{[%clk 1:29:01]} bxc6 {[%clk 1:31:21]} 13. e4 {[%clk 1:29:18]} Nb4
{[%clk 1:31:41]} 14. Qe2 {[%clk 1:29:37]} Nb6 {[%clk 1:30:39]} 15. Ne5
{[%clk 1:15:32]} Bxe5 {[%clk 1:29:26]} 16. dxe5 {[%clk 1:15:24]} Nd3
{[%clk 1:29:45]} 17. Ba3 {[%clk 1:14:48]} Rf7 {[%clk 1:29:53]} 18. f4
{[%clk 1:10:31]} Ba6 {[%clk 1:24:19]} 19. Bf3 {[%clk 0:33:44]} Rc8
{[%clk 0:58:22]} 20. Bd6 {[%clk 0:33:01]} Rd8 {[%clk 0:50:07]} 21. exf5
{[%clk 0:30:44]} exf5 {[%clk 0:44:26]} 22. Qg2 {[%clk 0:29:51]} Bb7
{[%clk 0:39:13]} 23. a4 {[%clk 0:26:17]} Ba8 {[%clk 0:38:26]} 24. Qa2
{[%clk 0:18:28]} Qe6 {[%clk 0:33:53]} 25. a5 {[%clk 0:14:58]} Nd5
{[%clk 0:26:33]} 26. Qxc4 {[%clk 0:13:03]} N5xf4 {[%clk 0:26:45]} 27. Qxe6
{[%clk 0:12:38]} Nxe6 {[%clk 0:27:09]} 28. Be2 {[%clk 0:12:22]} Ndc5
{[%clk 0:22:28]} 29. Bc4 {[%clk 0:12:22]} g6 {[%clk 0:15:35]} 30. Rfc1
{[%clk 0:06:20]} Re8 {[%clk 0:13:56]} 31. Ne2 {[%clk 0:05:11]} Nb7
{[%clk 0:08:52]} 32. Nf4 {[%clk 0:04:52]} Nxf4 {[%clk 0:07:13]} 33. gxf4
{[%clk 0:05:21]} Nxa5 {[%clk 0:06:32]} 34. Bxf7+ {[%clk 0:04:49]} Kxf7
{[%clk 0:06:59]} 35. Ra1 {[%clk 0:03:33]} Nb3 {[%clk 0:07:05]} 36. Rxa7+
{[%clk 0:03:54]} Ke6 {[%clk 0:07:29]} 37. Rb1 {[%clk 0:02:45]} c5
{[%clk 0:05:19]} 38. Rxb3 {[%clk 0:03:05]} c4 {[%clk 0:05:44]} 39. Rc3
{[%clk 0:02:46]} Kd5 {[%clk 0:05:33]} 40. Rc7 {[%clk 0:31:53]} Bc6
{[%clk 0:35:36]} 41. Rc1 {[%clk 0:32:08]} 1-0

[Event "World Chess Olympiad 2018"]
[Site "Batumi"]
[Date "2018.10.01"]
[Round "7"]
[Board "4"]
[WhiteFideId "4100140"]
[White "Bareev Evgeny"]
[BlackFideId "12404675"]
[Black "Nguyen Anh Khoi"]
[Result "0-1"]
[LiveChessVersion "1.4.8"]
[BlackElo "2463"]
[WhiteElo "2666"]

1. Nf3 {[%clk 1:30:34]} Nf6 {[%clk 1:30:32]} 2. g3 {[%clk 1:30:51]} b6
{[%clk 1:30:35]} 3. Bg2 {[%clk 1:31:13]} Bb7 {[%clk 1:30:57]} 4. O-O
{[%clk 1:31:13]} e6 {[%clk 1:31:00]} 5. c4 {[%clk 1:30:28]} Be7 {[%clk 1:29:30]}
6. b3 {[%clk 1:27:28]} O-O {[%clk 1:28:22]} 7. Bb2 {[%clk 1:26:09]} d5
{[%clk 1:27:19]} 8. cxd5 {[%clk 1:24:07]} exd5 {[%clk 1:22:47]} 9. d4
{[%clk 1:24:09]} Nbd7 {[%clk 1:20:18]} 10. Nc3 {[%clk 1:23:34]} Re8
{[%clk 1:16:53]} 11. Rc1 {[%clk 1:22:58]} a6 {[%clk 1:16:28]} 12. Ne5
{[%clk 1:14:41]} Bd6 {[%clk 1:13:51]} 13. f4 {[%clk 1:14:50]} Qe7
{[%clk 0:58:54]} 14. Qc2 {[%clk 1:01:32]} Qe6 {[%clk 0:46:49]} 15. e3
{[%clk 0:33:17]} Rac8 {[%clk 0:40:43]} 16. Rfd1 {[%clk 0:33:06]} c5
{[%clk 0:31:29]} 17. Qe2 {[%clk 0:32:26]} b5 {[%clk 0:24:58]} 18. g4
{[%clk 0:25:30]} cxd4 {[%clk 0:19:18]} 19. exd4 {[%clk 0:25:53]} g5
{[%clk 0:15:53]} 20. f5 {[%clk 0:02:09]} Qe7 {[%clk 0:16:04]} 21. Qd2
{[%clk 0:02:39]} Nxe5 {[%clk 0:14:30]} 22. Qxg5+ {[%clk 0:02:12]} Kh8
{[%clk 0:10:46]} 23. dxe5 {[%clk 0:02:39]} Bxe5 {[%clk 0:08:49]} 24. Re1
{[%clk 0:03:07]} Rg8 {[%clk 0:04:45]} 25. Nxd5 {[%clk 0:02:40]} Bxb2
{[%clk 0:03:46]} 26. Qxg8+ {[%clk 0:01:32]} Nxg8 {[%clk 0:02:23]} 27. Nxe7
{[%clk 0:01:35]} Rxc1 {[%clk 0:02:51]} 28. Rxc1 {[%clk 0:01:53]} Bxc1
{[%clk 0:03:08]} 29. Bxb7 {[%clk 0:02:02]} Nxe7 {[%clk 0:03:37]} 30. Bxa6
{[%clk 0:02:14]} b4 {[%clk 0:04:01]} 31. Kf2 {[%clk 0:02:37]} Kg7
{[%clk 0:03:51]} 32. Kf3 {[%clk 0:03:01]} Kf6 {[%clk 0:01:53]} 33. Ke4
{[%clk 0:03:02]} h5 {[%clk 0:01:40]} 34. h3 {[%clk 0:02:58]} hxg4
{[%clk 0:01:30]} 35. hxg4 {[%clk 0:03:27]} Kg5 {[%clk 0:01:50]} 0-1

[Event "World Chess Olympiad 2018"]
[Site "Batumi"]
[Date "2018.10.01"]
[Round "7"]
[Board "1"]
[WhiteFideId "12809390"]
[White "Pultinevicius Paulius"]
[BlackFideId "1710400"]
[Black "Grandelius Nils"]
[Result "0-1"]
[LiveChessVersion "1.4.8"]
[BlackElo "2655"]
[WhiteElo "2465"]

1. d4 {[%clk 1:30:58]} Nf6 {[%clk 1:30:16]} 2. c4 {[%clk 1:31:21]} e6
{[%clk 1:30:36]} 3. Nf3 {[%clk 1:31:46]} d5 {[%clk 1:30:40]} 4. Nc3
{[%clk 1:31:53]} a6 {[%clk 1:29:36]} 5. cxd5 {[%clk 1:30:46]} exd5
{[%clk 1:29:56]} 6. Bg5 {[%clk 1:31:08]} Be6 {[%clk 1:29:38]} 7. Qb3
{[%clk 1:30:03]} Nbd7 {[%clk 1:28:29]} 8. e3 {[%clk 1:22:07]} Bd6
{[%clk 1:28:24]} 9. Bd3 {[%clk 1:19:42]} Rb8 {[%clk 1:14:52]} 10. O-O
{[%clk 1:18:13]} c6 {[%clk 1:11:40]} 11. h3 {[%clk 1:07:28]} Qc7 {[%clk 1:07:38]}
12. Bxf6 {[%clk 1:02:47]} Nxf6 {[%clk 1:07:06]} 13. Ng5 {[%clk 1:02:56]} Bc8
{[%clk 0:53:07]} 14. f4 {[%clk 0:34:03]} O-O {[%clk 0:52:41]} 15. Qc2
{[%clk 0:30:57]} h6 {[%clk 0:47:16]} 16. Nf3 {[%clk 0:31:22]} c5 {[%clk 0:46:59]}
17. Ne5 {[%clk 0:30:24]} b5 {[%clk 0:44:20]} 18. Qf2 {[%clk 0:27:58]} Bb7
{[%clk 0:37:29]} 19. Rac1 {[%clk 0:26:45]} Qe7 {[%clk 0:35:48]} 20. Qh4
{[%clk 0:24:33]} Rbd8 {[%clk 0:30:37]} 21. Ne2 {[%clk 0:22:05]} c4
{[%clk 0:30:36]} 22. Bb1 {[%clk 0:20:50]} Ne4 {[%clk 0:29:57]} 23. Qe1
{[%clk 0:09:24]} Bb4 {[%clk 0:28:06]} 24. Nc3 {[%clk 0:09:48]} Rfe8
{[%clk 0:24:56]} 25. Bxe4 {[%clk 0:09:08]} dxe4 {[%clk 0:25:24]} 26. f5
{[%clk 0:09:19]} Qf6 {[%clk 0:14:07]} 27. a4 {[%clk 0:05:36]} Rxe5
{[%clk 0:11:10]} 28. dxe5 {[%clk 0:06:01]} Qxe5 {[%clk 0:11:39]} 29. axb5
{[%clk 0:06:10]} axb5 {[%clk 0:12:04]} 30. Qh4 {[%clk 0:05:20]} Rd3
{[%clk 0:09:01]} 31. f6 {[%clk 0:04:58]} Bd6 {[%clk 0:07:12]} 32. Rf4
{[%clk 0:04:58]} Bc5 {[%clk 0:05:14]} 33. Kh1 {[%clk 0:02:19]} Bxe3
{[%clk 0:05:03]} 34. Rcf1 {[%clk 0:00:35]} Bxf4 {[%clk 0:04:57]} 35. Rxf4
{[%clk 0:00:59]} Qg5 {[%clk 0:04:16]} 36. Qxg5 {[%clk 0:00:31]} hxg5
{[%clk 0:04:39]} 37. Rf5 {[%clk 0:00:48]} b4 {[%clk 0:04:02]} 38. Na4
{[%clk 0:00:34]} gxf6 {[%clk 0:03:43]} 0-1

[Event "World Chess Olympiad 2018"]
[Site "Batumi"]
[Date "2018.10.01"]
[Round "7"]
[Board "2"]
[WhiteFideId "1700812"]
[White "Hillarp Persson Tiger"]
[BlackFideId "12803731"]
[Black "Laurusas Tomas"]
[Result "1-0"]
[LiveChessVersion "1.4.8"]
[BlackElo "2484"]
[WhiteElo "2544"]

1. Nf3 {[%clk 1:30:57]} d5 {[%clk 1:30:05]} 2. g3 {[%clk 1:31:20]} Nf6
{[%clk 1:25:57]} 3. Bg2 {[%clk 1:31:41]} g6 {[%clk 1:23:22]} 4. c4
{[%clk 1:31:30]} c6 {[%clk 1:23:10]} 5. b3 {[%clk 1:31:19]} Bg7 {[%clk 1:23:35]}
6. Bb2 {[%clk 1:31:42]} O-O {[%clk 1:23:59]} 7. O-O {[%clk 1:32:06]} a5
{[%clk 1:21:45]} 8. Nc3 {[%clk 1:31:18]} Ne4 {[%clk 1:20:17]} 9. Na4
{[%clk 1:31:11]} Bxb2 {[%clk 1:14:32]} 10. Nxb2 {[%clk 1:30:34]} Nd7
{[%clk 1:14:44]} 11. d3 {[%clk 1:08:43]} Nef6 {[%clk 1:14:57]} 12. d4
{[%clk 1:08:13]} b6 {[%clk 1:09:18]} 13. Rc1 {[%clk 1:02:16]} Bb7
{[%clk 1:09:30]} 14. Nd3 {[%clk 1:01:34]} Rc8 {[%clk 1:07:38]} 15. Nfe5
{[%clk 0:56:30]} Nxe5 {[%clk 1:06:22]} 16. dxe5 {[%clk 0:48:35]} Nd7
{[%clk 1:05:19]} 17. Qd2 {[%clk 0:34:51]} dxc4 {[%clk 0:57:14]} 18. Rxc4
{[%clk 0:35:12]} Nxe5 {[%clk 0:57:42]} 19. Rh4 {[%clk 0:35:21]} h5
{[%clk 0:58:11]} 20. Rd1 {[%clk 0:24:15]} Nxd3 {[%clk 0:48:43]} 21. Qh6
{[%clk 0:21:32]} Qd6 {[%clk 0:34:22]} 22. Rxd3 {[%clk 0:21:52]} Qf6
{[%clk 0:34:32]} 23. Be4 {[%clk 0:05:23]} Ba6 {[%clk 0:32:50]} 24. Re3
{[%clk 0:04:23]} Qg7 {[%clk 0:21:31]} 25. Qg5 {[%clk 0:04:46]} Rcd8
{[%clk 0:21:59]} 26. Qxe7 {[%clk 0:02:48]} Rd1+ {[%clk 0:22:25]} 27. Kg2
{[%clk 0:03:06]} Qa1 {[%clk 0:22:42]} 28. Bxc6 {[%clk 0:01:34]} Rg1+
{[%clk 0:22:34]} 29. Kf3 {[%clk 0:01:57]} Qf1 {[%clk 0:22:25]} 30. Kf4
{[%clk 0:01:27]} Qxf2+ {[%clk 0:22:07]} 31. Kg5 {[%clk 0:01:09]} Kg7
{[%clk 0:13:13]} 32. Rf4 {[%clk 0:00:59]} Qxh2 {[%clk 0:13:36]} 33. Qf6+
{[%clk 0:00:32]} Kh7 {[%clk 0:13:55]} 34. Qxg6+ {[%clk 0:00:39]} Kh8
{[%clk 0:12:52]} 35. Kh6 {[%clk 0:00:37]} 1-0

[Event "World Chess Olympiad 2018"]
[Site "Batumi"]
[Date "2018.10.01"]
[Round "7"]
[Board "3"]
[WhiteFideId "12804444"]
[White "Stremavicius Titas"]
[BlackFideId "1706446"]
[Black "Tikkanen Hans"]
[Result "1/2-1/2"]
[LiveChessVersion "1.4.8"]
[BlackElo "2520"]
[WhiteElo "2467"]

1. d4 {[%clk 1:30:53]} Nf6 {[%clk 1:30:57]} 2. c4 {[%clk 1:29:50]} g6
{[%clk 1:31:14]} 3. Nf3 {[%clk 1:26:44]} Bg7 {[%clk 1:31:24]} 4. e3
{[%clk 1:27:00]} O-O {[%clk 1:30:55]} 5. Be2 {[%clk 1:27:14]} c5 {[%clk 1:19:02]}
6. dxc5 {[%clk 1:20:44]} Na6 {[%clk 1:14:34]} 7. Nc3 {[%clk 1:20:37]} Nxc5
{[%clk 1:14:52]} 8. O-O {[%clk 1:20:58]} b6 {[%clk 1:13:07]} 9. Qc2
{[%clk 1:21:20]} Bb7 {[%clk 1:04:25]} 10. Rd1 {[%clk 1:18:31]} Rc8
{[%clk 0:56:26]} 11. Bd2 {[%clk 1:16:01]} Qc7 {[%clk 0:49:39]} 12. Rac1
{[%clk 0:56:33]} Qb8 {[%clk 0:48:07]} 13. Be1 {[%clk 0:46:25]} Qa8
{[%clk 0:44:48]} 14. b4 {[%clk 0:32:00]} Nce4 {[%clk 0:43:14]} 15. Qb3
{[%clk 0:32:10]} Rfd8 {[%clk 0:39:43]} 16. a4 {[%clk 0:28:03]} d6
{[%clk 0:36:23]} 17. Qa3 {[%clk 0:22:43]} a5 {[%clk 0:33:20]} 18. Nb5
{[%clk 0:20:13]} Nd7 {[%clk 0:18:34]} 19. Rb1 {[%clk 0:16:21]} axb4
{[%clk 0:16:50]} 20. Bxb4 {[%clk 0:15:51]} Nec5 {[%clk 0:16:20]} 21. Nc3
{[%clk 0:09:03]} Bc6 {[%clk 0:04:12]} 22. a5 {[%clk 0:03:32]} bxa5
{[%clk 0:03:26]} 23. Qxa5 {[%clk 0:04:00]} Na6 {[%clk 0:02:36]} 24. Ba3
{[%clk 0:02:24]} Nac5 {[%clk 0:02:29]} 25. Bb4 {[%clk 0:02:45]} Na6
{[%clk 0:01:50]} 26. Ba3 {[%clk 0:03:04]} Nac5 {[%clk 0:01:49]} 27. Bb4
{[%clk 0:03:16]} Na6 {[%clk 0:02:03]} 28. Ba3 {[%clk 0:03:27]} 1/2-1/2

[Event "World Chess Olympiad 2018"]
[Site "Batumi"]
[Date "2018.10.01"]
[Round "7"]
[Board "4"]
[WhiteFideId "1701754"]
[White "Westerberg Jonathan"]
[BlackFideId "12800031"]
[Black "Malisauskas Vidmantas"]
[Result "1-0"]
[LiveChessVersion "1.4.8"]
[BlackElo "2443"]
[WhiteElo "2504"]

1. d4 {[%clk 1:30:43]} Nf6 {[%clk 1:30:52]} 2. Nf3 {[%clk 1:30:38]} g6
{[%clk 1:31:14]} 3. Nbd2 {[%clk 1:30:32]} c5 {[%clk 1:30:25]} 4. dxc5
{[%clk 1:30:32]} Na6 {[%clk 1:30:46]} 5. e4 {[%clk 1:20:28]} Nxc5
{[%clk 1:31:08]} 6. e5 {[%clk 1:19:41]} Nh5 {[%clk 1:31:29]} 7. Bc4
{[%clk 1:18:52]} d5 {[%clk 1:31:39]} 8. exd6 {[%clk 1:15:56]} Qxd6
{[%clk 1:32:01]} 9. O-O {[%clk 1:15:50]} Bg7 {[%clk 1:31:58]} 10. Nb3
{[%clk 1:12:39]} Qxd1 {[%clk 1:15:41]} 11. Rxd1 {[%clk 1:13:03]} Nd7
{[%clk 1:16:00]} 12. Re1 {[%clk 1:06:34]} e6 {[%clk 1:14:53]} 13. Nbd4
{[%clk 0:59:52]} O-O {[%clk 1:14:37]} 14. Bg5 {[%clk 0:53:49]} Nb6
{[%clk 1:14:24]} 15. Bb3 {[%clk 0:42:49]} Bd7 {[%clk 1:14:04]} 16. a4
{[%clk 0:39:38]} Rfc8 {[%clk 1:13:10]} 17. c3 {[%clk 0:33:15]} Nc4
{[%clk 1:12:28]} 18. Bc1 {[%clk 0:30:15]} Nf6 {[%clk 1:08:43]} 19. a5
{[%clk 0:28:21]} a6 {[%clk 1:03:59]} 20. Nd2 {[%clk 0:25:05]} Nd6
{[%clk 1:01:01]} 21. N4f3 {[%clk 0:24:40]} Be8 {[%clk 1:00:21]} 22. Ne5
{[%clk 0:24:26]} Nd7 {[%clk 0:57:06]} 23. Ndc4 {[%clk 0:22:16]} Nxc4
{[%clk 0:52:50]} 24. Nxc4 {[%clk 0:22:15]} Nc5 {[%clk 0:53:12]} 25. Bc2
{[%clk 0:22:06]} Rd8 {[%clk 0:45:59]} 26. Nb6 {[%clk 0:21:29]} Rab8
{[%clk 0:45:52]} 27. Bf4 {[%clk 0:20:13]} e5 {[%clk 0:45:51]} 28. Bxe5
{[%clk 0:20:04]} Bxe5 {[%clk 0:46:11]} 29. Rxe5 {[%clk 0:20:31]} Rd2
{[%clk 0:46:10]} 30. Rc1 {[%clk 0:07:51]} Rbd8 {[%clk 0:46:27]} 31. h4
{[%clk 0:08:05]} Nd3 {[%clk 0:45:53]} 32. Bxd3 {[%clk 0:07:27]} R2xd3
{[%clk 0:46:13]} 33. Rce1 {[%clk 0:06:14]} Bc6 {[%clk 0:44:59]} 34. h5
{[%clk 0:05:03]} Kg7 {[%clk 0:44:58]} 35. hxg6 {[%clk 0:04:02]} hxg6
{[%clk 0:45:16]} 36. Re7 {[%clk 0:03:19]} Rd1 {[%clk 0:45:32]} 37. b4
{[%clk 0:03:03]} R8d3 {[%clk 0:43:46]} 38. Rxd1 {[%clk 0:02:54]} Rxd1+
{[%clk 0:44:08]} 39. Kh2 {[%clk 0:03:23]} Rd3 {[%clk 0:44:23]} 40. Re3
{[%clk 0:33:34]} Rxe3 {[%clk 1:14:29]} 41. fxe3 {[%clk 0:33:58]} Kf6
{[%clk 1:14:50]} 42. Nc4 {[%clk 0:32:47]} Kf5 {[%clk 1:13:58]} 43. Nd2
{[%clk 0:32:42]} Kg4 {[%clk 1:14:20]} 44. Kg1 {[%clk 0:31:30]} f5
{[%clk 1:12:46]} 45. Kf2 {[%clk 0:31:33]} f4 {[%clk 1:13:08]} 46. exf4
{[%clk 0:23:13]} Kxf4 {[%clk 1:11:15]} 47. g3+ {[%clk 0:21:52]} Kf5
{[%clk 1:11:16]} 48. Nb3 {[%clk 0:21:49]} Ke4 {[%clk 1:09:28]} 49. Nc5+
{[%clk 0:22:04]} Kd5 {[%clk 1:09:49]} 50. Ke3 {[%clk 0:22:16]} Kc4
{[%clk 1:10:09]} 51. Kd2 {[%clk 0:22:43]} g5 {[%clk 1:07:56]} 52. Ne6
{[%clk 0:22:08]} g4 {[%clk 1:08:14]} 53. Nf4 {[%clk 0:17:21]} Be8
{[%clk 1:01:04]} 54. Ng2 {[%clk 0:16:55]} Bd7 {[%clk 0:55:24]} 55. Ne3+
{[%clk 0:17:17]} Kb5 {[%clk 0:55:22]} 56. Kd3 {[%clk 0:16:54]} b6
{[%clk 0:55:44]} 57. c4+ {[%clk 0:13:27]} Kxb4 {[%clk 0:52:43]} 58. axb6
{[%clk 0:13:52]} Bc6 {[%clk 0:52:37]} 59. Kd4 {[%clk 0:13:33]} Bb7
{[%clk 0:52:51]} 60. Nxg4 {[%clk 0:12:59]} a5 {[%clk 0:53:13]} 61. Ne5
{[%clk 0:11:00]} a4 {[%clk 0:53:27]} 62. Nd3+ {[%clk 0:10:51]} Ka5
{[%clk 0:53:12]} 63. Kc5 {[%clk 0:08:47]} 1-0

[Event "World Chess Olympiad 2018"]
[Site "Batumi"]
[Date "2018.10.01"]
[Round "7"]
[Board "1"]
[WhiteFideId "4800192"]
[White "Al-Ali Hussein Ali Hussein"]
[BlackFideId "1510045"]
[Black "Tari Aryan"]
[Result "0-1"]
[LiveChessVersion "1.4.8"]
[BlackElo "2618"]
[WhiteElo "2273"]

1. e4 {[%clk 1:30:57]} c5 {[%clk 1:30:35]} 2. Nf3 {[%clk 1:31:18]} d6
{[%clk 1:30:43]} 3. c3 {[%clk 1:31:41]} Nf6 {[%clk 1:30:39]} 4. Be2
{[%clk 1:32:05]} g6 {[%clk 1:30:15]} 5. O-O {[%clk 1:32:28]} Bg7 {[%clk 1:30:09]}
6. Bb5+ {[%clk 1:32:40]} Nc6 {[%clk 1:30:20]} 7. d4 {[%clk 1:32:26]} O-O
{[%clk 1:30:41]} 8. d5 {[%clk 1:29:45]} a6 {[%clk 1:29:52]} 9. Bd3
{[%clk 1:29:27]} Na5 {[%clk 1:28:49]} 10. h3 {[%clk 1:29:25]} e6 {[%clk 1:24:08]}
11. Bg5 {[%clk 1:29:35]} Qc7 {[%clk 1:21:57]} 12. c4 {[%clk 1:19:36]} b5
{[%clk 1:17:26]} 13. Nbd2 {[%clk 1:15:55]} bxc4 {[%clk 1:16:34]} 14. Bxc4
{[%clk 1:14:16]} Nxc4 {[%clk 1:16:29]} 15. Nxc4 {[%clk 1:14:13]} Nxe4
{[%clk 1:16:51]} 16. Bh4 {[%clk 1:05:22]} exd5 {[%clk 1:15:37]} 17. Qxd5
{[%clk 1:02:40]} Bb7 {[%clk 1:15:37]} 18. Qd3 {[%clk 1:02:48]} d5
{[%clk 1:15:11]} 19. Ne3 {[%clk 1:02:57]} Bxb2 {[%clk 0:56:46]} 20. Nxd5
{[%clk 1:00:39]} Bxd5 {[%clk 0:56:56]} 21. Qxd5 {[%clk 1:00:58]} Bxa1
{[%clk 0:56:17]} 22. Rxa1 {[%clk 1:00:55]} Rfe8 {[%clk 0:56:15]} 23. Rc1
{[%clk 0:56:59]} Rac8 {[%clk 0:55:54]} 24. Qc4 {[%clk 0:53:12]} Qd6
{[%clk 0:53:15]} 25. Bg5 {[%clk 0:49:28]} Nxg5 {[%clk 0:50:16]} 26. Nxg5
{[%clk 0:49:48]} Qf6 {[%clk 0:50:41]} 27. h4 {[%clk 0:48:23]} h6 {[%clk 0:50:22]}
28. Nf3 {[%clk 0:48:36]} Re6 {[%clk 0:48:16]} 29. Rb1 {[%clk 0:46:11]} Qf5
{[%clk 0:47:38]} 30. Rd1 {[%clk 0:44:30]} Qe4 {[%clk 0:46:34]} 31. Qc1
{[%clk 0:44:44]} Kh7 {[%clk 0:45:30]} 32. Qc3 {[%clk 0:42:15]} Qf4
{[%clk 0:40:07]} 33. h5 {[%clk 0:40:22]} gxh5 {[%clk 0:39:21]} 34. Rd7
{[%clk 0:39:28]} Rg8 {[%clk 0:37:28]} 35. Qd3+ {[%clk 0:37:27]} Kh8
{[%clk 0:35:59]} 36. g3 {[%clk 0:35:24]} h4 {[%clk 0:34:59]} 37. Qc3+
{[%clk 0:35:37]} Qf6 {[%clk 0:34:34]} 38. Qxf6+ {[%clk 0:35:55]} Rxf6
{[%clk 0:35:00]} 39. Nxh4 {[%clk 0:36:17]} Rc8 {[%clk 0:35:20]} 40. Rd3
{[%clk 1:04:57]} c4 {[%clk 1:05:44]} 41. Rc3 {[%clk 1:05:20]} Rd6
{[%clk 1:05:53]} 42. Kf1 {[%clk 1:04:54]} Rd2 {[%clk 1:03:27]} 43. Nf5
{[%clk 1:04:30]} Rxa2 {[%clk 1:03:12]} 44. Nxh6 {[%clk 1:04:47]} Rc7
{[%clk 1:02:56]} 45. g4 {[%clk 1:04:40]} Rd2 {[%clk 1:02:45]} 46. Ke1
{[%clk 1:00:19]} Rd3 {[%clk 1:03:02]} 47. Rc2 {[%clk 1:00:33]} c3
{[%clk 1:02:38]} 48. Nf5 {[%clk 1:00:29]} a5 {[%clk 1:02:58]} 49. Ne3
{[%clk 0:58:05]} a4 {[%clk 1:03:14]} 50. Ra2 {[%clk 0:58:21]} Rxe3+
{[%clk 1:03:38]} 0-1